000 00465nam a2200193Ia 4500
005 20240823043706.0
008 240823s9999||||xx |||||||||||||| ||und||
041 _aENGLISH
082 _A350 N7
100 _a"Avasthi,Amreshwar"
245 0 _aPublic Administration
250 _a22nd
260 _c1997
_bLakshmi Narain Aga
500 _aTRANSFERED
650 _aAdministration
_bGeneral
700 _a" Maheswari,Shriram"
942 _cBK
999 _c210817
_d210817